| 000 | 00420nam a22001337a 4500 | ||
|---|---|---|---|
| 999 |
_c530170 _d530170 |
||
| 003 | NUST | ||
| 038 | _aNusrat Nadeem | ||
| 082 | _a004.12 | ||
| 100 |
_a Usman Muhammad _91812 |
||
| 245 |
_aMS/ Thesis:Flight Performance and Longitudinal Stability of Biplane Micro Air Vehicles under Gap Variation _cMuhammad Usman |
||
| 260 |
_aIslamabad _bRCMS NUST _c2016 |
||
| 700 | _4Dr. Adnan Maqsood (Supervisor) | ||
| 942 |
_2ddc _cTHE |
||